000 00323nam a2200133Ia 4500
008 240624s9999 xx 000 0 und d
041 _aeng
082 _a823 KHA
100 _aKHAN ADIB
245 _aSPIRAL ROAD
260 _c2008
_aNew Delhi
_bHarperCollins Publishers
300 _a362 : p. : cm. ; 20
365 _cRS
_b20
999 _c11897
_d11897